000 00490nam a2200181Ia 4500
005 20250508150318.0
008 008 250505s9999 xx 000 0 eng d
037 _aTextual
040 _aFEDL
_beng
_cFEDL
041 _aeng
_2eng
084 _a371.7, GAM
_qFEDL
100 _aGamlin R
_9756292
245 0 _aEducation and health
260 _aLondon, UK
_bJames Nisbet and Co, Ltd.
_c1947
300 _axi,372p.
942 _cTEXL
_h371.7, GAM
999 _c1322931
_d1322931